| 000 | 00719nas a2200229 4500 | ||
|---|---|---|---|
| 001 | BR9605838 | ||
| 003 | BR-BrBNA | ||
| 005 | 20231205095402.0 | ||
| 007 | ta | ||
| 008 | 230509b bl.|||p| |||| 00| 00por d | ||
| 040 |
_aBR-BrBNA _bpor _cBiblioteca Nacional de Agricultura |
||
| 041 | _a(En) | ||
| 072 | _aF61 | ||
| 100 | 1 | _aEl-Sheekh, M.M. | |
| 245 | 1 | _aQuenching of the variable fluorescence induced by zinc in the green alga Chlorella fusca | |
| 650 | _aAlga Verde | ||
| 650 | _aFotossintese | ||
| 650 | _aZinco | ||
| 773 | 0 |
_tRevista Brasileira de Fisiologia Vegetal (Brazil) _xISSN 0103-3131 _g(Jan-Jun 1993), v. 5(1) p. 01-05 _wBR9605838 |
|
| 909 |
_a202311 _bLúcia _c55 _dLúcia Elande |
||
| 942 |
_2AGRIS _n0 _cANA |
||
| 999 |
_c150360 _d150360 |
||